000 00566nam a2200217Ia 4500
008 160418s9999 xx 000 0 und d
020 _a971-569-011-4
050 _aFIL PL 5531
050 _b.S26Y68 1991
100 _aSantos, Bienvenido N.
245 _aYou lovely people /
245 _cBienvenido N. Santos.
260 _aMakati City:
260 _bBookmark, Inc.,
260 _c1991
300 _a241 pages :
300 _billustrations ;
300 _c18 cm.
440 _aFilipino Literary Classics
650 _aPhilippine literature (English).
999 _c293621
_d293621